| 000 | 00687cam a2200205 4500500 | ||
|---|---|---|---|
| 005 | 20260329010007.0 | ||
| 041 | _afre | ||
| 042 | _adc | ||
| 100 | 1 | 0 |
_aDevillairs, Laurence _eauthor |
| 245 | 0 | 0 | _aLaurence Devillairs : "Notre besoin de consolation est impossible à rassasier" |
| 260 | _c2019. | ||
| 500 | _a4 | ||
| 690 | _aBlaise Pascal | ||
| 690 | _aBonheur | ||
| 690 | _aConsolation | ||
| 690 | _aPensées | ||
| 690 | _aVérité | ||
| 786 | 0 | _nPhilosophie magazine - Hors séries | Hors-série - Été 2019 | HS42 | 2019-07-01 | p. 48-49 | 2104-9246 | |
| 856 | 4 | 1 | _uhttps://shs.cairn.info/magazine-philosophie-magazine-2019-hs42-page-48?lang=fr&redirect-ssocas=7080 |
| 999 |
_c1848540 _d1848540 |
||